| 000 | 01700nam a2200361 a 4500 | ||
|---|---|---|---|
| 001 | |||
| 003 | DO-SdBNP | ||
| 005 | 20240809102142.0 | ||
| 008 | 100824s2014 ch 000 0 spa d | ||
| 020 | _a9789568209803 | ||
| 040 |
_aDO-SdBNP _bspa _cBPMSU |
||
| 082 | 4 |
_aCh861.4 _bM678be 2014 _222 |
|
| 100 | 1 |
_aMistral, Gabriela, _d1889-1957 _eautora. |
|
| 245 | 1 | 3 |
_aLa bella durmiente del bosque / _cCharles Perrault ; adaptación Gabriela Mistral Gabriela Mistral ; ilustraciones de Carmen Cardemil _b |
| 260 |
_aSantiago, Chile : _bEditorial Amanuta, _c2014 |
||
| 300 |
_a31 p. : _bils. ; _c27 cm. |
||
| 490 | 0 | _aPoesía ilustrada | |
| 500 | _aIncluye datos biográficos de la autora | ||
| 500 | _a | ||
| 500 | _a | ||
| 520 | _a Gabriela Mistral escribe La Bella Durmiente inspirada en los Cuentos de Antaño de Charles Perrault, escritos en el siglo XVII. La autora escribió esta versión en la forma del cuento de hadas versificado donde están presente la belleza y el refinamiento tan preciados en el Modernismo. | ||
| 521 | _aRecomendado para niños a partir de los 5 años de edad. | ||
| 586 | _aPremio ''Libro más Bello'' 2014, Comisión Alemana para la UNESCO y Fundación Alemana de las Artes Gráficas. | ||
| 586 | _aPremio a la Edición, Municipalidad de Santiago, 2013. | ||
| 590 | _aInventariado, 2024/VM | ||
| 600 | 1 | 4 |
_aPerrault, Charles, _d1628-1703. _t La bella durmiente _vAdaptaciones |
| 650 | 4 |
_aLiteratura infantil chilena _y _x |
|
| 650 | 4 |
_aCuentos infantiles populares _vAdaptaciones |
|
| 650 | 4 |
_aPoesías infantiles chilenas _y _v |
|
| 700 | 1 |
_aCardemil, Carmen _eilustradora. _d |
|
| 910 | _aVMateo V. Control de calidad. BPMSU | ||
| 942 |
_2ddc _cBK |
||
| 999 |
_c14777 _d14777 |
||